[Event "Spanish League of Honour"]
[Site "Linares"]
[Date "2017.08.14"]
[Round "1"]
[White "Forcen Esteban, Daniel"]
[Black "Saric, Ivan"]
[Result "0-1"]
[WhiteTitle "GM"]
[BlackTitle "GM"]
[WhiteElo "2535"]
[BlackElo "2632"]
[Board "4"]
[WhiteCountry "ESP"]
[WhiteFideId "2288230"]
[WhiteEloChange "-4"]
[BlackCountry "CRO"]
[BlackFideId "14508150"]
[BlackEloChange "4"]

1. e4 c5 2. Nf3 d6 3. d4 cxd4 4. Nxd4 Nf6 5. Nc3 a6 6. Be3 e5 7. Nb3 Be6 8.
Qd2 Nbd7 9. O-O-O Rc8 10. f4 b5 11. Kb1 Be7 12. h3 O-O 13. g4 exf4 14. Bxf4
Nb6 15. g5 Nh5 16. Bxd6 Na4 17. Nxa4 bxa4 18. Bxe7 Qxe7 19. Nd4 Ng3 20.
Bxa6 Nxe4 21. Qa5 Rb8 22. Rhe1 a3 23. b3 Bd5 24. Re3 Rfd8 25. Red3 Qxg5 26.
Ne2 Qf6 27. Qxa3 Nf2 28. Rf1 Ra8 29. Nc3 Bg2 30. Rxd8+ Rxd8 31. Rg1 Qxc3
32. Qe7 Qd4 33. Rxg2 Nd1 34. c3 Nxc3+ 35. Kc2 Nxa2 36. Kb1 Nc3+ 37. Kc2 Ne4
38. Qc7 g6 39. Re2 Qd1+ 40. Kb2 Qd4+ 41. Kc2 Rd5 0-1

[Event "Spanish League of Honour"]
[Site "Linares"]
[Date "2017.08.14"]
[Round "1"]
[White "Fedorchuk, Sergey A."]
[Black "Shevchenko, Kirill"]
[Result "0-1"]
[WhiteTitle "GM"]
[BlackTitle "IM"]
[WhiteElo "2633"]
[BlackElo "2527"]
[Board "5"]
[WhiteCountry "UKR"]
[WhiteFideId "14102536"]
[WhiteEloChange "-6"]
[BlackCountry "UKR"]
[BlackFideId "14129574"]
[BlackEloChange "6"]

1. e4 c5 2. Nf3 d6 3. d4 cxd4 4. Nxd4 Nf6 5. Nc3 a6 6. Nb3 e5 7. Bg5 Be6 8.
Bxf6 Qxf6 9. Na5 Qd8 10. Nc4 Nc6 11. Nd5 Be7 12. c3 b5 13. Nxe7 Kxe7 14.
Ne3 Qb6 15. Be2 Rhd8 16. Bg4 Kf8 17. Bxe6 fxe6 18. O-O Rd7 19. Qg4 Re8 20.
Rfd1 b4 21. Rd3 bxc3 22. bxc3 Kg8 23. Rad1 Na5 24. h4 Qc6 25. h5 Nb7 26. h6
g6 27. Qh4 Rf8 28. Ng4 Rdf7 29. Qg5 Qxe4 30. Qh4 Qf5 31. c4 e4 32. Rd4 Qh5
33. Qg3 Rf4 34. f3 Nc5 35. Rf1 e5 36. Rd5 exf3 37. gxf3 Ne4 38. Qg2 Ng5 39.
Nh2 Rh4 40. Rxd6 Rxh2 41. Qxh2 Nxf3+ 42. Rxf3 Qxf3 43. Qg2 Qe3+ 0-1

[Event "Spanish League of Honour"]
[Site "Linares"]
[Date "2017.08.14"]
[Round "1"]
[White "Antoli Royo, Joaquin Miguel"]
[Black "Korneev, Oleg"]
[Result "0-1"]
[WhiteTitle "IM"]
[BlackTitle "GM"]
[WhiteElo "2446"]
[BlackElo "2566"]
[Board "6"]
[WhiteCountry "ESP"]
[WhiteFideId "2259532"]
[WhiteEloChange "-3"]
[BlackCountry "ESP"]
[BlackFideId "4156803"]
[BlackEloChange "3"]

1. e4 c5 2. Nf3 e6 3. d4 cxd4 4. Nxd4 a6 5. Be2 Nf6 6. Nc3 d6 7. Be3 Be7 8.
O-O O-O 9. f4 Qc7 10. Kh1 b5 11. Bf3 Bb7 12. e5 dxe5 13. fxe5 Nfd7 14. Bxb7
Qxb7 15. Qh5 b4 16. Nd1 Nc6 17. Nf3 Qb5 18. c4 Qxc4 19. Nf2 Qb5 20. Bf4 g6
21. Qh3 Ndxe5 22. Bh6 Nxf3 23. Qxf3 Rfe8 24. Rac1 Nd4 25. Qh3 Rac8 26. Rcd1
Nf5 27. Ne4 Red8 28. Bg5 Rxd1 29. Rxd1 Qe2 0-1

[Event "Spanish League of Honour"]
[Site "Linares"]
[Date "2017.08.14"]
[Round "1"]
[White "Anillo Fernandez, Isabel Maria"]
[Black "Rudolf, Anna"]
[Result "0-1"]
[BlackTitle "IM"]
[WhiteElo "1939"]
[BlackElo "2260"]
[Board "7"]
[WhiteCountry "ESP"]
[WhiteFideId "2222736"]
[WhiteEloChange "-3"]
[BlackCountry "HUN"]
[BlackFideId "722855"]
[BlackEloChange "3"]

1. e4 Nf6 2. e5 Nd5 3. c4 Nb6 4. d4 d6 5. exd6 exd6 6. Be2 Be7 7. Nf3 Nc6
8. O-O O-O 9. Nbd2 Re8 10. Nb3 Bf6 11. Be3 d5 12. Nbd2 dxc4 13. Nxc4 Nd5
14. Qd3 Ncb4 15. Qd2 Bf5 16. Rfd1 Qe7 17. Nce5 Nxe3 18. fxe3 c6 19. Bc4 Nd5
20. Re1 Be4 21. Bxd5 cxd5 22. Rac1 Rac8 23. Rc3 Rxc3 24. Qxc3 Bxe5 25. Nxe5
Qg5 26. Qd2 Rc8 27. Qf2 f6 28. Nf3 Qg6 29. h3 Bd3 30. Rd1 Rc2 31. Rd2 Rc1+
32. Kh2 Be4 33. Nh4 Qg5 34. Qf4 Kf7 35. Rf2 Qxf4+ 36. exf4 Rd1 37. Nf3 Bxf3
38. Rxf3 Rxd4 39. Kg3 Rb4 40. b3 Ke6 41. Rd3 d4 42. Kf3 Kd5 43. g4 Rb6 44.
Ke2 g6 45. h4 Rc6 46. a4 Ke4 47. g5 Rc2+ 48. Rd2 Rxd2+ 49. Kxd2 f5 0-1

[Event "Spanish League of Honour"]
[Site "Linares"]
[Date "2017.08.15"]
[Round "2"]
[White "Wojtaszek, Radoslaw"]
[Black "Ponomariov, Ruslan"]
[Result "1/2-1/2"]
[WhiteTitle "GM"]
[BlackTitle "GM"]
[WhiteElo "2745"]
[BlackElo "2692"]
[Board "1"]
[WhiteCountry "POL"]
[WhiteFideId "1118358"]
[WhiteEloChange "-1"]
[BlackCountry "UKR"]
[BlackFideId "14103320"]
[BlackEloChange "1"]

1. d4 d5 2. c4 dxc4 3. e3 Nf6 4. Bxc4 e6 5. Nf3 c5 6. O-O a6 7. Nc3 b5 8.
Be2 Bb7 9. dxc5 Nc6 10. Qc2 Nb4 11. Qb3 Bxc5 12. Rd1 Qe7 13. a4 O-O 14.
axb5 axb5 15. Rxa8 Rxa8 16. Bd2 h6 17. Be1 Rb8 18. Nd4 Bxd4 19. Rxd4 Nc6
20. Rd1 Ba8 21. f3 b4 22. Bg3 e5 23. Nb5 Ne8 24. e4 Na5 25. Qe3 Bc6 26. Na7
Rb7 27. Bf2 Ba4 28. Rd5 Nb3 29. Nc8 Qc7 30. Nb6 Nf6 31. Nxa4 Nxd5 32. Qxb3
Qc1+ 33. Qd1 Nf4 34. Kf1 Rc7 35. Qxc1 Rxc1+ 36. Be1 Rc2 37. Bd1 Rc1 38. g3
Rxd1 39. gxf4 exf4 40. Ke2 Rd4 41. b3 f5 42. exf5 Rd5 43. Bd2 Rxf5 44. Nb2
Re5+ 45. Kf2 g5 46. Nd3 Ra5 47. Nxb4 Ra3 48. h4 Rxb3 49. hxg5 hxg5 50. Ke2
g4 51. fxg4 Rg3 1/2-1/2

[Event "Spanish League of Honour"]
[Site "Linares"]
[Date "2017.08.15"]
[Round "2"]
[White "Erdos, Viktor"]
[Black "Duda, Jan-Krzysztof"]
[Result "1/2-1/2"]
[WhiteTitle "GM"]
[BlackTitle "GM"]
[WhiteElo "2628"]
[BlackElo "2707"]
[Board "2"]
[WhiteCountry "HUN"]
[WhiteFideId "719978"]
[WhiteEloChange "1"]
[BlackCountry "POL"]
[BlackFideId "1170546"]
[BlackEloChange "-1"]

1. Nf3 f5 2. g3 Nf6 3. Bg2 g6 4. O-O Bg7 5. d4 O-O 6. c4 d6 7. Nc3 Qe8 8.
d5 Na6 9. Be3 Bd7 10. Rc1 Ng4 11. Bd2 c6 12. h3 Nf6 13. Be3 Kh8 14. Qd2 Nc5
15. Bh6 Nce4 16. Bxg7+ Kxg7 17. Nxe4 Nxe4 18. Qd4+ Kg8 19. Nd2 c5 20. Qd3
Nf6 21. f4 b5 22. b3 Rb8 23. Kh2 Qf7 24. Qc3 Rb7 25. Rfe1 Qg7 26. e4 Nxe4
27. Nxe4 fxe4 28. Qd2 a5 29. Rxe4 bxc4 30. Rcxc4 a4 31. b4 a3 32. Re3 Qb2
33. Qxb2 axb2 34. Rb3 Ra8 35. Rxb2 Ra4 36. Be4 Bb5 37. Rc3 cxb4 38. Rc8+
Kg7 39. Bc2 Raa7 40. Bb3 Ba4 41. Re2 Bxb3 42. axb3 Ra3 43. Re8 Kf7 44. Rh8
Rxb3 45. Rxh7+ Kf8 46. f5 gxf5 47. Rh5 Rc3 48. Rxf5+ Ke8 49. h4 b3 50. Rff2
Rbc7 51. Rg2 R7c5 52. Rd2 Rc2 53. Rd3 Rb5 54. Rd1 Rxg2+ 55. Kxg2 b2 56. Rb1
Rb3 57. Kh3 Kf7 58. Kg4 Kg6 59. h5+ Kh6 60. Kf5 Rxg3 61. Rxb2 Re3 62. Rd2
Re5+ 63. Kg4 Kg7 64. Rd4 Kh6 65. Rd2 Rg5+ 66. Kf4 Kxh5 67. Re2 Rg7 68. Kf5
Kh4 69. Re1 Rg5+ 70. Ke6 Kh5 71. Kxe7 Rxd5 72. Re6 Re5 73. Kxd6 Rxe6+ 74.
Kxe6 1/2-1/2

[Event "Spanish League of Honour"]
[Site "Linares"]
[Date "2017.08.15"]
[Round "2"]
[White "Ragger, Markus"]
[Black "Movsesian, Sergei"]
[Result "1/2-1/2"]
[WhiteTitle "GM"]
[BlackTitle "GM"]
[WhiteElo "2656"]
[BlackElo "2677"]
[Board "3"]
[WhiteCountry "AUT"]
[WhiteFideId "1610856"]
[BlackCountry "ARM"]
[BlackFideId "310204"]

1. e4 c5 2. Nf3 Nc6 3. d4 cxd4 4. Nxd4 Qb6 5. Nb3 Nf6 6. Nc3 e6 7. Bd3 d6
8. Be3 Qc7 9. f4 a6 10. Qf3 Be7 11. g4 b6 12. O-O-O Nd7 13. Kb1 Nc5 14. g5
Bd7 15. Qf2 Nb4 16. Bd4 Rg8 17. Rhe1 Nbxd3 18. cxd3 O-O-O 19. Rc1 Bc6 20.
Qc2 Kb8 21. Bg1 Qb7 22. Nd4 Rc8 23. Nxc6+ Rxc6 24. d4 Nd7 25. d5 Rc4 26.
Qd3 Rgc8 27. Ne2 Rxc1+ 28. Rxc1 Rxc1+ 29. Kxc1 e5 30. Be3 Qc8+ 31. Kd2 Nc5
32. Bxc5 Qxc5 33. h4 f6 34. fxe5 dxe5 35. gxf6 Bxf6 36. h5 Bg5+ 37. Kd1 b5
38. Qg3 Bf6 39. Qf3 Kb7 40. b3 Kb6 41. Qg3 Kb7 1/2-1/2

[Event "Spanish League of Honour"]
[Site "Linares"]
[Date "2017.08.15"]
[Round "2"]
[White "Grandelius, Nils"]
[Black "Jones, Gawain C B"]
[Result "1/2-1/2"]
[WhiteTitle "GM"]
[BlackTitle "GM"]
[WhiteElo "2644"]
[BlackElo "2660"]
[Board "4"]
[WhiteCountry "SWE"]
[WhiteFideId "1710400"]
[BlackCountry "ENG"]
[BlackFideId "409561"]

1. e4 e5 2. Nf3 Nc6 3. Bb5 a6 4. Ba4 Nf6 5. O-O b5 6. Bb3 Bc5 7. c3 d6 8.
a4 Rb8 9. d4 Bb6 10. a5 Ba7 11. h3 O-O 12. Be3 Ra8 13. Nbd2 h6 14. Re1 exd4
15. cxd4 Nb4 16. d5 Bxe3 17. Rxe3 c5 18. dxc6 Nxc6 19. e5 Nxe5 20. Nxe5
dxe5 21. Rxe5 Ra7 22. Qe2 Rd7 23. Ne4 Nxe4 24. Qxe4 Rd4 25. Qc6 Qd6 26.
Qxd6 Rxd6 27. Rae1 Bb7 28. R1e3 Bc6 29. Re7 Bd5 30. Bxd5 Rxd5 31. Ra7 Rd6
32. Rf3 h5 33. g3 g6 34. Kg2 Kg7 35. g4 hxg4 36. hxg4 g5 37. Rf5 Kg6 38.
Rb7 f6 39. Rc5 Rf7 40. Rb6 Rd4 41. Kg3 Rd3+ 42. f3 Rb3 43. Rc2 Ra7 44. Rcc6
Rf7 45. Rxa6 Rxb2 46. Rab6 b4 47. a6 b3 48. a7 Ra2 49. Ra6 Rxa6 50. Rxa6 b2
51. a8=Q b1=Q 52. Ra1 Rf8 53. Qxf8 Qxa1 54. Qg8+ Kh6 55. Qh8+ Kg6 56. Qg8+
Kh6 57. Qh8+ 1/2-1/2

[Event "Spanish League of Honour"]
[Site "Linares"]
[Date "2017.08.15"]
[Round "2"]
[White "Edouard, Romain"]
[Black "Mchedlishvili, Mikheil"]
[Result "0-1"]
[WhiteTitle "GM"]
[BlackTitle "GM"]
[WhiteElo "2624"]
[BlackElo "2590"]
[Board "5"]
[WhiteCountry "FRA"]
[WhiteFideId "633429"]
[WhiteEloChange "-5"]
[BlackCountry "GEO"]
[BlackFideId "13600966"]
[BlackEloChange "5"]

1. c4 e5 2. Nc3 Nf6 3. g3 Bb4 4. Bg2 O-O 5. Nf3 Re8 6. O-O e4 7. Nd4 Bxc3
8. dxc3 d6 9. h3 Nbd7 10. Nc2 a5 11. Ne3 a4 12. f4 exf3 13. exf3 Nc5 14.
Kh2 Bd7 15. Qc2 Bc6 16. Nf5 Nfd7 17. Be3 Ne5 18. Bd4 Ne6 19. c5 Nxd4 20.
cxd4 Ng6 21. cxd6 cxd6 22. d5 Bb5 23. Rfe1 Qf6 24. Rad1 Bd7 25. Rxe8+ Rxe8
26. Nd4 Rc8 27. Qd2 Rc5 28. f4 h5 29. h4 Ne7 30. Bf3 Bg4 31. Qb4 b5 32.
Bxg4 hxg4 33. Rd2 Rxd5 34. Qc3 g6 35. Qe3 Nf5 36. Nxf5 Qxf5 37. Re2 Rd3 38.
Qc1 Kg7 39. Qc2 Re3 40. Rd2 Qxc2 41. Rxc2 Kf6 42. Kg2 d5 43. Rc5 Re2+ 44.
Kf1 Rxb2 45. Rxd5 b4 0-1

[Event "Spanish League of Honour"]
[Site "Linares"]
[Date "2017.08.15"]
[Round "2"]
[White "Ibarra Jerez, Jose Carlos"]
[Black "Del Rio De Angelis, Salvador G."]
[Result "1/2-1/2"]
[WhiteTitle "GM"]
[BlackTitle "GM"]
[WhiteElo "2569"]
[BlackElo "2511"]
[Board "6"]
[WhiteCountry "ESP"]
[WhiteFideId "2226332"]
[WhiteEloChange "-1"]
[BlackCountry "ESP"]
[BlackFideId "2203138"]
[BlackEloChange "1"]

1. e4 e6 2. d4 d5 3. Nd2 a6 4. Ngf3 c5 5. exd5 exd5 6. Be2 Nf6 7. O-O cxd4
8. Nb3 Nc6 9. Bd3 Be7 10. Nfxd4 O-O 11. Re1 Re8 12. c3 Bg4 13. Qc2 h6 14.
h3 Bd7 15. Bf4 Qb6 16. Be3 Qc7 17. Nxc6 Bxc6 18. Nd4 Bd7 19. Nf3 Bd6 20.
Bd4 Nh5 21. Bh7+ Kf8 22. Bf5 Kg8 23. Bh7+ Kf8 24. Bf5 Kg8 25. Rad1 Rxe1+
26. Rxe1 Re8 27. Rxe8+ Bxe8 28. Bh7+ Kh8 29. Bd3 Nf4 30. Qd2 Kg8 31. Bc2
Qe7 32. Be3 Qf6 33. Bd1 Qf5 34. Nd4 Qe4 35. f3 Qe5 36. Kf1 Nh5 37. a4 Bd7
38. Qf2 Ng3+ 39. Kg1 Nh1 40. Qe1 Qh2+ 41. Kf1 Bxh3 42. Ke2 Qxg2+ 43. Kd3
Qf1+ 44. Qxf1 Bxf1+ 45. Kd2 Ng3 46. Ke1 h5 47. Bb3 Bc4 48. Bc2 Ba2 49. b3
h4 50. Bg1 Bf4 51. Bh2 Nh5 52. Bxf4 Nxf4 53. Kf2 h3 54. Kg3 g6 55. a5 Kf8
56. Kh2 Ke7 57. Kg3 Kd6 58. Kh2 Ke5 59. Kg3 Kd6 60. Kh2 Kd7 61. Kh1 Ke7 62.
Kg1 Ng2 63. Bd3 Nf4 64. Bc2 f5 65. Kh1 Kf6 66. Kh2 Ke5 67. Kg3 Ng2 68. Bd3
Ne3 69. f4+ Kf6 70. Be2 1/2-1/2

[Event "Spanish League of Honour"]
[Site "Linares"]
[Date "2017.08.15"]
[Round "2"]
[White "Vega Gutierrez, Sabrina"]
[Black "Gil Quilez, Sonia"]
[Result "1-0"]
[WhiteTitle "IM"]
[BlackTitle "WFM"]
[WhiteElo "2369"]
[BlackElo "2057"]
[Board "7"]
[WhiteCountry "ESP"]
[WhiteFideId "2219026"]
[WhiteEloChange "3"]
[BlackCountry "ESP"]
[BlackFideId "2263980"]
[BlackEloChange "-3"]

1. Nf3 d5 2. c4 c6 3. e3 Nf6 4. Nc3 Nbd7 5. cxd5 Nxd5 6. d4 e6 7. Bd3 Bd6
8. O-O O-O 9. e4 Nxc3 10. bxc3 e5 11. Bg5 Qc7 12. Bh4 c5 13. Bb5 cxd4 14.
cxd4 exd4 15. Rc1 Qb8 16. Rxc8 Qxc8 17. Qxd4 Nc5 18. Qxd6 Nxe4 19. Qd3 Qc5
20. Re1 Nd6 21. Bd7 f6 22. Nd4 Qc7 23. Ne6 Qxd7 24. Nxf8 Rxf8 25. Bg3 Re8
26. Rxe8+ Qxe8 27. Bxd6 Qe1+ 28. Qf1 Qe6 29. Bb8 Qxa2 30. Qc1 h6 31. h4 b5
32. Qc8+ Kh7 33. Qf5+ Kg8 34. Qc8+ Kh7 35. Qf5+ Kg8 36. Qxb5 a6 37. Qe8+
Kh7 38. Qe4+ Kg8 39. Bd6 Qa1+ 40. Kh2 Qf1 41. Bc5 Qb5 42. Qd5+ Kh7 43. h5
a5 44. Kg3 a4 45. Kf4 Qb8+ 46. Bd6 Qa7 47. f3 Kh8 48. Kf5 Kh7 49. Ke6 Kg8
50. Bc5 Qa6+ 51. Ke7+ Kh8 52. Kf7 Qc8 53. Bf8 a3 54. Bxg7+ Kh7 55. Bf8 Qc7+
56. Be7 Qc8 57. Kxf6 Qc3+ 58. Kf7 Qg7+ 59. Ke8 a2 60. Qxa2 Qh8+ 61. Kd7
Qd4+ 62. Kc6 Qc3+ 63. Bc5 Qf6+ 64. Kb5 Qf5 65. Qa7+ Kg8 66. Qb8+ Kh7 67.
Qc7+ Kg8 68. Qd8+ Kh7 69. Qe7+ Kg8 70. Qe8+ Kh7 71. Qg6+ 1-0

[Event "Spanish League of Honour"]
[Site "Linares"]
[Date "2017.08.15"]
[Round "2"]
[White "Vidit, Santosh Gujrathi"]
[Black "Iturrizaga Bonelli, Eduardo"]
[Result "1/2-1/2"]
[WhiteTitle "GM"]
[BlackTitle "GM"]
[WhiteElo "2693"]
[BlackElo "2662"]
[Board "1"]
[WhiteCountry "IND"]
[WhiteFideId "5029465"]
[BlackCountry "VEN"]
[BlackFideId "3901211"]

1. d4 Nf6 2. c4 e6 3. Nf3 b6 4. g3 Bb7 5. Bg2 Bb4+ 6. Bd2 a5 7. O-O O-O 8.
a3 Be7 9. Nc3 Na6 10. Qc2 c5 11. e4 d5 12. cxd5 exd5 13. exd5 Nxd5 14. dxc5
Nxc5 15. Rad1 Nf6 16. Bg5 Qc8 17. Nd4 Bxg2 18. Nf5 Qb7 19. Nxe7+ Qxe7 20.
Kxg2 Qb7+ 21. f3 Ncd7 22. Rd6 Rfe8 23. Qf2 Rab8 24. Qd4 h6 25. Bf4 Re7 26.
Rf2 Rbe8 27. Nd5 Re6 28. Nc7 Rxd6 29. Qxd6 Rc8 30. g4 Nf8 31. h3 Ne8 32.
Nxe8 1/2-1/2

[Event "Spanish League of Honour"]
[Site "Linares"]
[Date "2017.08.15"]
[Round "2"]
[White "Salgado Lopez, Ivan"]
[Black "Bachmann, Axel"]
[Result "0-1"]
[WhiteTitle "GM"]
[BlackTitle "GM"]
[WhiteElo "2627"]
[BlackElo "2648"]
[Board "3"]
[WhiteCountry "ESP"]
[WhiteFideId "2257327"]
[WhiteEloChange "-5"]
[BlackCountry "PAR"]
[BlackFideId "3700488"]
[BlackEloChange "5"]

1. Nf3 Nf6 2. c4 e6 3. g3 b6 4. Bg2 Bb7 5. O-O d5 6. cxd5 exd5 7. d4 Be7 8.
Nc3 O-O 9. b3 Re8 10. Bb2 Nbd7 11. Rc1 Nf8 12. Ne5 Ne6 13. e3 Bf8 14. Re1
Rc8 15. Nd3 c5 16. dxc5 bxc5 17. Ne2 Ne4 18. Ndf4 Nxf4 19. Nxf4 c4 20. Bd4
Qa5 21. Qe2 Bc5 22. Bxc5 Qxc5 23. Red1 Qa3 24. bxc4 Nc3 25. Rxc3 Qxc3 26.
Bxd5 Rb8 27. h4 Bxd5 28. cxd5 Rb2 29. Qf3 Rxa2 30. d6 Ra1 31. Rxa1 Qxa1+
32. Kg2 Qa6 33. Qd5 Rd8 34. d7 Qa4 35. e4 Qxd7 36. Qg5 h6 37. Qa5 Re8 38.
f3 Rc8 39. Qa2 Qd1 40. Qxa7 Rc1 0-1

[Event "Spanish League of Honour"]
[Site "Linares"]
[Date "2017.08.15"]
[Round "2"]
[White "Mareco, Sandro"]
[Black "Ganguly, Surya Shekhar"]
[Result "0-1"]
[WhiteTitle "GM"]
[BlackTitle "GM"]
[WhiteElo "2650"]
[BlackElo "2658"]
[Board "4"]
[WhiteCountry "ARG"]
[WhiteFideId "112275"]
[WhiteEloChange "-5"]
[BlackCountry "IND"]
[BlackFideId "5002150"]
[BlackEloChange "5"]

1. e4 e5 2. Nf3 Nc6 3. Bc4 Bc5 4. O-O Nf6 5. d3 O-O 6. c3 d6 7. b4 Bb6 8.
a4 a5 9. b5 Ne7 10. Be3 c6 11. Re1 Bc7 12. Nbd2 d5 13. Ba2 Ng6 14. h3 h6
15. Qc2 Bd7 16. Rab1 Qc8 17. Nf1 Rd8 18. Ng3 Be6 19. Bd2 Bxh3 20. bxc6 bxc6
21. gxh3 Qxh3 22. Rb7 Ng4 23. Bc1 Ra7 24. Rxa7 Bb6 25. d4 exd4 26. cxd4
Bxa7 27. Be3 Bxd4 28. Qd3 Bxe3 29. Rxe3 Nh4 0-1

[Event "Spanish League of Honour"]
[Site "Linares"]
[Date "2017.08.15"]
[Round "2"]
[White "Cori, Jorge"]
[Black "Santos Ruiz, Miguel"]
[Result "0-1"]
[WhiteTitle "GM"]
[BlackTitle "IM"]
[WhiteElo "2641"]
[BlackElo "2490"]
[Board "5"]
[WhiteCountry "PER"]
[WhiteFideId "3802272"]
[WhiteEloChange "-7"]
[BlackCountry "ESP"]
[BlackFideId "22291482"]
[BlackEloChange "7"]

1. c4 e5 2. Nc3 Nf6 3. g3 Bb4 4. Bg2 O-O 5. Nf3 e4 6. Ng5 Bxc3 7. bxc3 Re8
8. O-O h6 9. Nh3 d6 10. d3 Nc6 11. Rb1 Bf5 12. Nf4 b6 13. Rb5 Qd7 14. Nd5
Nxd5 15. Rxd5 exd3 16. exd3 Bh3 17. Bf4 Bxg2 18. Kxg2 Ne7 19. Rh5 Ng6 20.
Qf3 Nxf4+ 21. gxf4 Qe6 22. f5 Qf6 23. Rg1 Rab8 24. Kh1 Re7 25. Rh3 Rbe8 26.
Rg4 Re1+ 27. Kg2 R1e5 28. Rf4 Ra5 29. Rg3 Ree5 30. Rfg4 Rxf5 31. Rxg7+ Qxg7
32. Qa8+ Kh7 33. Qe4 Re5 34. Rxg7+ Kxg7 35. Qd4 Rf6 36. Kf1 Ref5 37. Qg4+
Kf8 38. Ke1 Rxf2 39. Qc8+ Kg7 40. h4 Rxa2 41. Qxc7 Rg6 42. Kf1 h5 43. Qb8
Rf6+ 44. Ke1 Re6+ 45. Kf1 Ra3 46. Kf2 Rxc3 47. Qxa7 Rxd3 48. Qxb6 Rf6+ 49.
Ke2 Rdf3 50. Qg1+ Kh7 51. Qb1+ R3f5 52. Kd3 Kg7 53. Qg1+ Rg6 54. Qd4+ Kg8
55. Qe4 Re5 56. Qa8+ Kg7 57. Qa1 Rf6 58. Qg1+ Kh7 59. Qd4 Ref5 60. Qe4 Kh6
61. Qa8 Rf3+ 62. Kd2 Kg7 63. Qd5 Rf2+ 64. Kc3 R2f3+ 65. Kd2 R3f5 66. Qg2+
Rg6 67. Qe4 Rf2+ 68. Kc3 Rg3+ 69. Kb4 Rg4 70. Qd5 Rff4 71. Qxh5 Rxc4+ 72.
Kb3 Rcf4 73. Kc3 Rf3+ 74. Kd2 Rg2+ 75. Ke1 Ra3 76. Kf1 Raa2 77. Qd5 Rad2
78. Qa5 Rdf2+ 79. Ke1 Ra2 80. Qc3+ f6 81. Qc7+ Kg6 82. h5+ Kh6 83. Qc1+
Kxh5 84. Qd1+ Kg6 85. Qb1+ f5 0-1

[Event "Spanish League of Honour"]
[Site "Linares"]
[Date "2017.08.15"]
[Round "2"]
[White "Castellanos Rodriguez, Renier"]
[Black "Ubilava, Elizbar"]
[Result "0-1"]
[WhiteTitle "IM"]
[BlackTitle "GM"]
[WhiteElo "2487"]
[BlackElo "2498"]
[Board "6"]
[WhiteCountry "ESP"]
[WhiteFideId "3404650"]
[WhiteEloChange "-5"]
[BlackCountry "ESP"]
[BlackFideId "13600052"]
[BlackEloChange "5"]

1. d4 Nf6 2. c4 e6 3. Nc3 Bb4 4. Nf3 b6 5. Bd2 Bb7 6. e3 O-O 7. Bd3 d5 8.
cxd5 exd5 9. Rc1 a6 10. O-O Bd6 11. Ne5 c5 12. Be1 Nc6 13. f4 cxd4 14. Nxc6
Bxc6 15. Ne2 Bd7 16. Nxd4 Qe7 17. Qf3 Rfe8 18. Bf2 Bc5 19. Rfe1 Ne4 20.
Bxe4 dxe4 21. Qe2 Rac8 22. Red1 Bxd4 23. Rxc8 Rxc8 24. exd4 Bb5 25. Qe3 Bd3
26. Rxd3 exd3 27. Qxe7 d2 28. h3 d1=Q+ 29. Kh2 Qc2 30. Qb7 Qc6 31. Qxa6 Ra8
32. d5 Qxd5 33. Qxb6 Qxa2 34. b4 Qc4 35. Qb7 Re8 36. Bg3 Qe4 37. Qd7 Qa8
38. Qd3 Qb7 39. Be1 Qe4 40. Qxe4 Rxe4 41. Bd2 Rd4 0-1

[Event "Spanish League of Honour"]
[Site "Linares"]
[Date "2017.08.15"]
[Round "2"]
[White "Garcia Vicente, Nieves"]
[Black "Sgircea, Silvia-Raluca"]
[Result "1/2-1/2"]
[WhiteTitle "WIM"]
[BlackTitle "WIM"]
[WhiteElo "2137"]
[BlackElo "2246"]
[Board "7"]
[WhiteCountry "ESP"]
[WhiteFideId "2201542"]
[WhiteEloChange "3"]
[BlackCountry "ROU"]
[BlackFideId "1213776"]
[BlackEloChange "-3"]

1. d4 Nf6 2. c4 e6 3. Nf3 Bb4+ 4. Nbd2 O-O 5. a3 Be7 6. e3 b6 7. Bd3 d5 8.
O-O Bb7 9. b3 Nbd7 10. Bb2 c5 11. cxd5 Nxd5 12. Qe2 Rc8 13. Rfc1 Rc7 14.
Bb5 cxd4 15. Nxd4 Nb8 16. Qg4 Nf6 17. Qh3 Ba6 18. Bc4 Bxc4 19. Nxc4 Qd5 20.
Qg3 Rcc8 21. Qe5 Nbd7 22. Qxd5 Nxd5 23. b4 a6 24. b5 axb5 25. Nxb5 Nc5 26.
Rc2 Nb3 27. Rb1 Na5 28. Rbc1 Nb3 29. Rb1 Rc5 30. Nd4 Na5 31. Rbc1 Rfc8 32.
Nxa5 Rxc2 33. Rxc2 Rxc2 34. Nxc2 bxa5 35. Kf1 Nb6 36. Ke2 Na4 37. Bd4 f6
38. Kd3 e5 39. Ba1 Nb6 40. Bc3 a4 41. Ba5 Nc8 42. Bb4 Bxb4 43. Nxb4 Nb6 44.
Kc3 Kf7 45. Nd3 Ke6 46. e4 f5 47. f3 fxe4 48. fxe4 Kd6 49. Kb4 Nd7 50. Nb2
Nf6 51. Nc4+ Ke6 52. Nd2 Kd6 53. Nc4+ Ke6 54. Nd2 Kd6 55. Kb5 h6 56. Nc4+
Ke6 57. Nd2 Kd6 58. Kb4 g5 59. h3 Kc6 60. Kc4 Kd6 61. Kb5 h5 62. Kxa4 Kc5
63. Nf3 Nxe4 64. Nxe5 Kd4 65. Nf7 Kc4 66. Ka5 g4 67. hxg4 hxg4 68. Ne5+ Kb3
69. Nxg4 Kxa3 1/2-1/2

[Event "Spanish League of Honour"]
[Site "Linares"]
[Date "2017.08.15"]
[Round "2"]
[White "Bacrot, Etienne"]
[Black "Areshchenko, Alexander"]
[Result "1-0"]
[WhiteTitle "GM"]
[BlackTitle "GM"]
[WhiteElo "2715"]
[BlackElo "2652"]
[Board "1"]
[WhiteCountry "FRA"]
[WhiteFideId "605506"]
[WhiteEloChange "4"]
[BlackCountry "UKR"]
[BlackFideId "14109530"]
[BlackEloChange "-4"]

1. e4 c5 2. Nf3 d6 3. d4 cxd4 4. Nxd4 Nf6 5. Nc3 a6 6. Be2 e5 7. Nf3 Be7 8.
Bg5 Be6 9. Bxf6 Bxf6 10. O-O Be7 11. Nd5 Nd7 12. Bc4 Rc8 13. Qe2 Nb6 14.
Nxb6 Qxb6 15. Bb3 O-O 16. Rfd1 Qc6 17. c3 Qb6 18. Qc2 Rc5 19. Ne1 Rb5 20.
Bxe6 fxe6 21. b4 Qc7 22. Qb3 Rf6 23. c4 Rb6 24. Nd3 Rc6 25. Rac1 b5 26.
cxb5 axb5 27. a4 Qb7 28. axb5 Rb6 29. Rc4 Rxb5 30. Qc2 Bf8 31. h3 d5 32.
Rc7 Qb6 33. Rc8 Qb7 34. Nxe5 Rxb4 35. exd5 exd5 36. Rc7 Rb2 37. Ng4 Rd6 38.
Qc1 Qb6 39. Rc8 h5 40. Qf4 Rd8 41. Rxd8 Qxd8 42. Qe5 d4 43. Qxh5 Rb6 44.
Qa5 Rd6 45. Qa2+ Kh7 46. Qc4 g6 47. Ne5 Qe7 48. Rxd4 1-0